Sports Quiz

Random Sports or NFL Quiz

ESPN's Top 100 NFL Players 2017 Quiz Stats

 Plays Quiz not verified by Sporcle

Score 0/100 Timer 12:00
0 Plays Today
Team Answer % Correct
1???
99.1%
2???
99.1%
5???
94.5%
10???
94.5%
4???
93.6%
6???
93.6%
9???
93.6%
64???
92.7%
8???
91.7%
3???
87.2%
11???
85.3%
7???
83.5%
13???
81.7%
20???
81.7%
31???
81.7%
23???
80.7%
19???
79.8%
60???
78.9%
96???
78.9%
16???
78%
77???
78%
18???
77.1%
91???
77.1%
14???
76.1%
22???
74.3%
62???
74.3%
70???
73.4%
47???
72.5%
76???
71.6%
12???
70.6%
30???
70.6%
25???
69.7%
28???
67.9%
39???
60.6%
Team Answer % Correct
15???
59.6%
17???
59.6%
34???
59.6%
52???
59.6%
26???
57.8%
35???
57.8%
40???
57.8%
42???
56%
29???
55%
21???
52.3%
33???
52.3%
50???
52.3%
49???
51.4%
43???
50.5%
48???
50.5%
27???
49.5%
66???
49.5%
67???
48.6%
38???
47.7%
51???
46.8%
53???
46.8%
94???
45.9%
24???
44%
59???
44%
75???
44%
32???
43.1%
90???
43.1%
56???
41.3%
45???
38.5%
80???
38.5%
88???
38.5%
44???
36.7%
81???
36.7%
54???
35.8%
Team Answer % Correct
65???
33.9%
41???
31.2%
71???
31.2%
74???
29.4%
87???
28.4%
84???
27.5%
97???
27.5%
36???
26.6%
57???
26.6%
68???
26.6%
78???
26.6%
46???
25.7%
95???
25.7%
92???
24.8%
58???
23.9%
73???
23.9%
79???
23.9%
82???
21.1%
86???
21.1%
72???
20.2%
93???
20.2%
37???
19.3%
55???
19.3%
100???
19.3%
61???
18.3%
69???
16.5%
89???
16.5%
98???
15.6%
99???
15.6%
63???
14.7%
85???
13.8%
83???
10.1%

You're not logged in!

Compare scores with friends on all Sporcle quizzes.
OR
Log In

Sporcle TV

Today on Sporcle TV


Watch our educational content, quiz creation guides, and fun videos on Sporcle TV.

Show Comments

Extras

Created Sep 8, 2017SourceReportNominate
Tags:NFL Quiz, 100, 2017, ESPN, player, team

Top Quizzes Today


Score Distribution

Your Account Isn't Verified!

In order to create a playlist on Sporcle, you need to verify the email address you used during registration. Go to your Sporcle Settings to finish the process.

Report this User

Report this user for behavior that violates our Community Guidelines.

Details: